[Event "CHN-chTB"]
[Site "Harbin"]
[Date "2016.07.15"]
[Round "9.3"]
[White "Ding, Linlin"]
[Black "Liu, Hongyan"]
[Result "1/2-1/2"]
[WhiteElo "2199"]
[BlackElo "2071"]
[PlyCount "31"]
[EventDate "2016.07.11"]
[EventType "team-swiss"]
[EventRounds "11"]
[EventCountry "CHN"]
[SourceTitle "CBM 173 Extra"]
[Source "ChessBase"]
[SourceDate "2016.08.29"]
[SourceVersion "1"]
[SourceVersionDate "2016.08.29"]
[SourceQuality "1"]
[WhiteTeam "Hangzhou Chess Assoc"]
[BlackTeam "Chongqing Qilin"]
[WhiteTeamCountry "CHN"]
[BlackTeamCountry "CHN"]

1. e4 c5 2. Nf3 e6 3. Nc3 d5 4. exd5 Qxd5 5. d4 Nc6 6. Be3 cxd4 7. Nxd4 Nxd4 8. Qxd4 Qxd4 9. Bxd4 Ne7 10. Bb5+ Bd7 11. Bxd7+ Kxd7 12. 0-0 Nf5 13. Be5 Bd6 14. Bxd6 Nxd6 15. Ne2 Ke7 16. Rfd1 1/2-1/2

[Event "CHN-chTB"]
[Site "Harbin"]
[Date "2016.07.14"]
[Round "7.3"]
[White "Zhou, Zirun"]
[Black "Ding, Linlin"]
[Result "1-0"]
[WhiteElo "1938"]
[BlackElo "2199"]
[PlyCount "133"]
[EventDate "2016.07.11"]
[EventType "team-swiss"]
[EventRounds "11"]
[EventCountry "CHN"]
[SourceTitle "CBM 173 Extra"]
[Source "ChessBase"]
[SourceDate "2016.08.29"]
[SourceVersion "1"]
[SourceVersionDate "2016.08.29"]
[SourceQuality "1"]
[WhiteTeam "Wuxi Xinlei"]
[BlackTeam "Hangzhou Chess Assoc"]
[WhiteTeamCountry "CHN"]
[BlackTeamCountry "CHN"]

1. e4 d6 2. d4 Nf6 3. Nc3 c6 4. f3 Nbd7 5. Be3 e5 6. Nge2 b5 7. d5 Bb7 8. dxc6 Bxc6 9. a3 Qa5 10. Qd2 a6 11. g4 h6 12. 0-0-0 b4 13. Nd5 Bxd5 14. exd5 Rb8 15. Ng3 Qa4 16. Qd3 Rc8 17. Rd2 Nc5 18. Bxc5 Rxc5 19. Qxa6 Qxa6 20. Bxa6 bxa3 21. bxa3 Nxd5 22. Ne4 Ra5 23. Bb7 Ne3 24. Bc6+ Kd8 25. a4 Kc7 26. Bb5 d5 27. Re1 Ba3+ 28. Kb1 d4 29. c3 Rd8 30. Ka2 Rb8 31. Rb1 dxc3 32. Nxc3 Bc5 33. Nd5+ Nxd5 34. Rxd5 Kb6 35. Be8+ Kc7 36. Rd7+ Kc8 37. Rxb8+ Kxb8 38. Rxf7 Ra7 39. Rxa7 Bxa7 40. Kb3 Kc7 41. Kc4 Kd6 42. a5 Bf2 43. Bf7 Ba7 44. Bd5 Bf2 45. Bb7 Ba7 46. Kd3 Bc5 47. Ke4 Bd4 48. Kf5 Ke7 49. Kg6 Kf8 50. Bd5 Bc3 51. a6 Bd4 52. Bc4 Bg1 53. h4 Ba7 54. Kf5 Bb8 55. Ke6 Ke8 56. Bb5+ Kd8 57. Kf7 g5 58. Kf6 Ba7 59. Kxe5 Ke7 60. Kf5 Kd6 61. Kg6 Ke5 62. Kxh6 Kf6 63. Kh5 Bf2 64. Bc6 Be3 65. Ba4 gxh4 66. Kxh4 Bf2+ 67. Kh5 1-0

[Event "CHN-chT final-B 1st"]
[Site "China"]
[Date "2005.09.13"]
[Round "2"]
[White "Ding, Linlin"]
[Black "Zhang, Xiaowen"]
[Result "1-0"]
[WhiteElo "2251"]
[BlackElo "2191"]
[PlyCount "140"]
[EventDate "2005.11.??"]
[EventType "team-tourn"]
[EventRounds "5"]
[EventCountry "CHN"]
[SourceTitle "EXT 2017"]
[Source "ChessBase"]
[SourceDate "2016.10.25"]
[SourceVersion "1"]
[SourceVersionDate "2016.10.25"]
[SourceQuality "1"]

1. d4 Nf6 2. c4 g6 3. Nc3 Bg7 4. e4 d6 5. Nf3 0-0 6. Be2 e5 7. dxe5 dxe5 8. Qxd8 Rxd8 9. Bg5 Re8 10. Nd5 Nxd5 11. cxd5 c5 12. Nd2 Nd7 13. Nc4 Bf8 14. a4 h6 15. Be3 f5 16. f3 Nf6 17. 0-0 Kg7 18. Bd3 Bd7 19. Bd2 b5 20. axb5 Bxb5 21. Nxe5 Bxd3 22. Nxd3 fxe4 23. Nf4 e3 24. Bc3 Bd6 25. Ne6+ Kf7 26. Bxf6 Kxf6 27. Rfe1 Be5 28. Re2 Rab8 29. Nxc5 Rxb2 30. Ne4+ Kf5 31. Rxb2 Bxb2 32. Rxa7 Bd4 33. Rf7+ Ke5 34. Kf1 Kxd5 35. Nf6+ Ke6 36. Nxe8 Kxf7 37. Nd6+ Ke6 38. Ne4 Ke5 39. Ke2 g5 40. Ng3 Bb6 41. Nf1 h5 42. Ng3 h4 43. Ne4 Bc7 44. Kxe3 Bd8 45. Nc3 Bb6+ 46. Kd3 Bc5 47. Ne2 Bb6 48. Kc4 Be3 49. Kd3 Bb6 50. Nc3 Bc5 51. Ne4 Be7 52. Ke2 Bd8 53. Kd2 Kf4 54. Nc5 Bb6 55. Nd3+ Kf5 56. Nb2 Kf4 57. Ke2 Bd4 58. Nd3+ Kf5 59. Nf2 Bb6 60. Ng4 Bc5 61. Kd3 Kf4 62. Ke2 Bb6 63. Nf6 Bd8 64. Nd5+ Ke5 65. Nc3 Kd4 66. Ne4 Ke5 67. Kf2 Bb6+ 68. Ke2 Ba7 69. g3 hxg3 70. hxg3 Kf5 1-0

[Event "Torch Cup"]
[Site "Xiapu"]
[Date "2005.06.23"]
[Round "16"]
[White "Liu, Pei"]
[Black "Ding, Linlin"]
[Result "1-0"]
[WhiteElo "2290"]
[BlackElo "2251"]
[PlyCount "95"]
[EventDate "2005.06.21"]
[EventType "team-tourn"]
[EventRounds "19"]
[EventCountry "CHN"]
[SourceTitle "CBM 106 Extra"]
[Source "ChessBase"]
[SourceDate "2005.07.01"]
[SourceVersion "1"]
[SourceVersionDate "2005.07.01"]
[SourceQuality "1"]

1. d4 Nf6 2. Nf3 g6 3. Bg5 Bg7 4. Nbd2 0-0 5. c3 d6 6. e4 c5 7. dxc5 dxc5 8. Bc4 Nc6 9. 0-0 Qc7 10. a4 b6 11. Qe2 h6 12. Bh4 Nh5 13. Qe3 g5 14. Bg3 Nxg3 15. hxg3 Bb7 16. Nb3 Rad8 17. Rad1 Ne5 18. Nxe5 Qxe5 19. Rde1 g4 20. Nc1 Bc6 21. Nd3 Qg5 22. Nf4 Kh8 23. e5 e6 24. Bd3 Rd7 25. Kh2 Rfd8 26. Rh1 Kg8 27. Kg1 Bxa4 28. Qe4 Rxd3 29. Nxd3 Bc2 30. Re3 b5 31. c4 Rd4 32. Qa8+ Rd8 33. Qe4 b4 34. Rh4 Rd4 35. Qa8+ Rd8 36. Qe4 h5 37. f4 Qh6 38. Kf2 f5 39. Qc6 Bxd3 40. Rxd3 Rxd3 41. Qe8+ Bf8 42. Rxh5 Rd8 43. Rg5+ Qxg5 44. Qxe6+ Kg7 45. fxg5 Rd3 46. Qf6+ Kg8 47. g6 Rd2+ 48. Ke1 1-0

[Event "CHN-chT Torch Real Estate Cup"]
[Site "Wuxi"]
[Date "2005.05.14"]
[Round "13"]
[White "Ding, Linlin"]
[Black "Ding, Yixin"]
[Result "0-1"]
[WhiteElo "2251"]
[BlackElo "2263"]
[PlyCount "66"]
[EventDate "2005.05.08"]
[EventType "team-tourn"]
[EventRounds "13"]
[EventCountry "CHN"]
[SourceTitle "CBM 106 Extra"]
[Source "ChessBase"]
[SourceDate "2005.07.01"]
[SourceVersion "1"]
[SourceVersionDate "2005.07.01"]
[SourceQuality "1"]

1. e4 c5 2. Nf3 d6 3. d4 cxd4 4. Nxd4 Nf6 5. Nc3 a6 6. Bc4 e6 7. Bb3 b5 8. Qf3 Qb6 9. Be3 Qb7 10. 0-0-0 b4 11. Na4 Nbd7 12. Rhe1 Nxe4 13. Nxe6 fxe6 14. Bxe6 Ndf6 15. Bxc8 Rxc8 16. Nb6 Rc7 17. Bd4 Be7 18. Qb3 Qc6 19. Re2 Nc5 20. Qg3 0-0 21. Bxf6 Bxf6 22. Rxd6 Qb5 23. Re1 Be7 24. Nd5 Bxd6 25. Qxd6 Nd3+ 26. Kd1 Nxb2+ 27. Kc1 Nd3+ 28. Kd1 Nxf2+ 29. Kd2 Rxc2+ 30. Kxc2 Qd3+ 31. Kc1 Rc8+ 32. Kb2 Rc2+ 33. Kb1 Re2+ 0-1

[Event "CHN-chT Torch Real Estate Cup"]
[Site "Wuxi"]
[Date "2005.05.12"]
[Round "11"]
[White "Ding, Linlin"]
[Black "Sun, Yinan"]
[Result "1-0"]
[WhiteElo "2251"]
[BlackElo "2171"]
[PlyCount "47"]
[EventDate "2005.05.08"]
[EventType "team-tourn"]
[EventRounds "13"]
[EventCountry "CHN"]
[SourceTitle "CBM 106 Extra"]
[Source "ChessBase"]
[SourceDate "2005.07.01"]
[SourceVersion "1"]
[SourceVersionDate "2005.07.01"]
[SourceQuality "1"]

1. e4 c5 2. Nf3 d6 3. d4 cxd4 4. Nxd4 Nf6 5. Nc3 g6 6. Be3 Bg7 7. f3 0-0 8. Bc4 Nc6 9. Qd2 Bd7 10. h4 Rb8 11. 0-0-0 b5 12. Nxc6 Bxc6 13. Bb3 a5 14. Bd4 Qc7 15. h5 e5 16. Be3 a4 17. Bd5 Nxh5 18. Bh6 Rfe8 19. Bxg7 Kxg7 20. Kb1 f6 21. a3 Ng3 22. Rh4 b4 23. axb4 Qb6 24. Qh6+ 1-0

[Event "CHN-chT Torch Real Estate Cup"]
[Site "Wuxi"]
[Date "2005.05.11"]
[Round "10"]
[White "An, Zhixiao"]
[Black "Ding, Linlin"]
[Result "1-0"]
[WhiteElo "2141"]
[BlackElo "2251"]
[PlyCount "56"]
[EventDate "2005.05.08"]
[EventType "team-tourn"]
[EventRounds "13"]
[EventCountry "CHN"]
[SourceTitle "CBM 106 Extra"]
[Source "ChessBase"]
[SourceDate "2005.07.01"]
[SourceVersion "1"]
[SourceVersionDate "2005.07.01"]
[SourceQuality "1"]

1. e4 d6 2. d4 Nf6 3. Nc3 c6 4. f3 e5 5. Be3 Be7 6. a4 Nbd7 7. Bc4 d5 8. exd5 Nb6 9. Bb3 Nbxd5 10. Nxd5 Nxd5 11. Bxd5 Qxd5 12. dxe5 Qxe5 13. Qd4 Qe6 14. Qe4 Qxe4 15. fxe4 0-0 16. 0-0-0 a5 17. Nf3 Re8 18. Rhe1 Bf8 19. Bf2 b5 20. axb5 cxb5 21. Rd5 b4 22. b3 a4 23. bxa4 Rxa4 24. Bd4 Be6 25. Rb5 Rc8 26. Kd1 Ra2 27. Be3 Rcxc2 28. Bd2 Bb3 1-0

[Event "Tan Lian Ann Cup"]
[Site "Tianjing"]
[Date "2001.07.30"]
[Round "16"]
[White "Chan, Peng Kong"]
[Black "Ding, Linlin"]
[Result "1/2-1/2"]
[WhiteElo "2393"]
[BlackElo "2347"]
[PlyCount "43"]
[EventDate "2001.07.15"]
[EventType "tourn"]
[EventRounds "22"]
[EventCountry "CHN"]
[EventCategory "5"]
[SourceTitle "CBM 083 Extra"]
[Source "ChessBase"]
[SourceDate "2001.09.11"]
[SourceVersion "1"]
[SourceVersionDate "2001.09.11"]
[SourceQuality "1"]

1. e4 c5 2. Nf3 d6 3. d4 cxd4 4. Nxd4 Nf6 5. Nc3 a6 6. f4 e6 7. Bd3 Qb6 8. Nb3 Qc7 9. 0-0 Nbd7 10. Qe1 Be7 11. Kh1 0-0 12. Bd2 b5 13. a3 Bb7 14. Qg3 e5 15. fxe5 Nxe5 16. Nd4 Nfd7 17. Nf5 Bf6 18. Bg5 Bxg5 19. Qxg5 Ng6 20. Rf3 Rae8 21. Raf1 Re5 22. Qg3 1/2-1/2

[Event "Tan Lian Ann Cup"]
[Site "Tianjing"]
[Date "2001.07.22"]
[Round "8"]
[White "Ding, Linlin"]
[Black "Petronic, Sanja"]
[Result "1-0"]
[WhiteElo "2347"]
[BlackElo "2279"]
[PlyCount "59"]
[EventDate "2001.07.15"]
[EventType "tourn"]
[EventRounds "22"]
[EventCountry "CHN"]
[EventCategory "5"]
[SourceTitle "CBM 083 Extra"]
[Source "ChessBase"]
[SourceDate "2001.09.11"]
[SourceVersion "1"]
[SourceVersionDate "2001.09.11"]
[SourceQuality "1"]

1. e4 e5 2. Nf3 Nf6 3. Nxe5 d6 4. Nf3 Nxe4 5. d4 d5 6. Bd3 Nc6 7. 0-0 Be7 8. c4 Nb4 9. cxd5 Nxd3 10. Qxd3 Qxd5 11. Re1 Bf5 12. Nc3 Nxc3 13. Qxc3 Be6 14. Re5 Qc6 15. d5 Bxd5 16. Qe1 Qd7 17. Bd2 f6 18. Rxd5 Qxd5 19. Bb4 Qf7 20. Qe4 Kf8 21. Qxb7 Re8 22. Bc3 Qc4 23. Nd4 Kf7 24. Rc1 Rb8 25. Qe4 c5 26. b3 Qa6 27. Qd5+ Kg6 28. Qf5+ Kf7 29. Qh5+ Kg8 30. Qd5+ 1-0

[Event "Tan Lian Ann Cup"]
[Site "Tianjing"]
[Date "2001.07.21"]
[Round "7"]
[White "Ding, Linlin"]
[Black "Ning, Chunhong"]
[Result "0-1"]
[WhiteElo "2347"]
[BlackElo "2341"]
[PlyCount "29"]
[EventDate "2001.07.15"]
[EventType "tourn"]
[EventRounds "22"]
[EventCountry "CHN"]
[EventCategory "5"]
[SourceTitle "CBM 083 Extra"]
[Source "ChessBase"]
[SourceDate "2001.09.11"]
[SourceVersion "1"]
[SourceVersionDate "2001.09.11"]
[SourceQuality "1"]

1. e4 d5 2. exd5 Qxd5 3. Nc3 Qa5 4. Nf3 Nf6 5. d4 c6 6. Bc4 Bg4 7. 0-0 e6 8. h3 Bh5 9. Qd3 Nbd7 10. Bf4 Be7 11. Rfe1 0-0 12. d5 cxd5 13. Nxd5 exd5 14. Rxe7 dxc4 15. Qxc4 0-1

[Event "Tan Lian Ann Cup"]
[Site "Tianjing"]
[Date "2001.07.17"]
[Round "3"]
[White "Ding, Linlin"]
[Black "Wang, Rui"]
[Result "0-1"]
[WhiteElo "2347"]
[BlackElo "2509"]
[PlyCount "107"]
[EventDate "2001.07.15"]
[EventType "tourn"]
[EventRounds "22"]
[EventCountry "CHN"]
[EventCategory "5"]
[SourceTitle "CBM 083 Extra"]
[Source "ChessBase"]
[SourceDate "2001.09.11"]
[SourceVersion "1"]
[SourceVersionDate "2001.09.11"]
[SourceQuality "1"]

1. e4 c5 2. Nf3 e6 3. d4 cxd4 4. Nxd4 a6 5. Nc3 Qc7 6. Bd3 Nc6 7. Be3 b5 8. 0-0 Nf6 9. Kh1 Bb7 10. a3 Bd6 11. Bxb5 Nxd4 12. Bxd4 Nxe4 13. Nxe4 Bxe4 14. Qg4 axb5 15. Qxe4 0-0 16. Rfe1 Ra4 17. Qd3 Bc5 18. Bxc5 Qxc5 19. Qxd7 Rd4 20. b4 Qb6 21. Qe7 Rd2 22. Qc5 Qxc5 23. bxc5 Rxf2 24. Reb1 Rxc2 25. Rxb5 Rc8 26. a4 R2xc5 27. Rxc5 Rxc5 28. a5 Rc7 29. g4 Kf8 30. Kg2 Ke7 31. h4 Kd7 32. a6 Ra7 33. g5 Kc6 34. h5 Kb6 35. g6 hxg6 36. hxg6 f6 37. Rd1 e5 38. Rd6+ Kc5 39. Re6 Kd5 40. Rb6 Ke4 41. Kf2 Kf5 42. Ke3 Kxg6 43. Ke4 Kg5 44. Rc6 Ra8 45. Rb6 g6 46. Rc6 Re8 47. a7 f5+ 48. Kd5 e4 49. Ra6 Ra8 50. Ke5 e3 51. Ra1 Kg4 52. Kd4 e2 53. Ke3 Rxa7 54. Rg1+ 0-1

[Event "Tan Lian Ann Cup"]
[Site "Tianjing"]
[Date "2001.07.15"]
[Round "1"]
[White "Ding, Linlin"]
[Black "Yu, Shaoteng"]
[Result "0-1"]
[WhiteElo "2347"]
[BlackElo "2517"]
[PlyCount "82"]
[EventDate "2001.07.15"]
[EventType "tourn"]
[EventRounds "22"]
[EventCountry "CHN"]
[EventCategory "5"]
[SourceTitle "CBM 083 Extra"]
[Source "ChessBase"]
[SourceDate "2001.09.11"]
[SourceVersion "1"]
[SourceVersionDate "2001.09.11"]
[SourceQuality "1"]

1. e4 e6 2. d4 d5 3. Nd2 Be7 4. Ngf3 Nf6 5. Bd3 c5 6. c3 Nc6 7. 0-0 cxd4 8. Nxd4 0-0 9. Nxc6 bxc6 10. e5 Nd7 11. Re1 Nc5 12. Bc2 f5 13. exf6 Bxf6 14. Nf3 Qd6 15. Be3 e5 16. Bxc5 Qxc5 17. Nxe5 Bxe5 18. Rxe5 Qxf2+ 19. Kh1 Bg4 20. Qd3 g6 21. Bb3 Rae8 22. Rxe8 Rxe8 23. Qg3 Re2 24. Rd1 Qxg3 25. hxg3 Rxb2 26. Rd4 Be6 27. Ra4 c5 28. Ra6 Bf7 29. Kh2 c4 30. Bd1 Rb7 31. Bf3 Kf8 32. Ra5 Rd7 33. Bg4 Rc7 34. Bd1 Ke7 35. Kg1 Be6 36. Kf2 d4 37. cxd4 c3 38. Bc2 Bf5 39. Re5+ Kd6 40. Bxf5 gxf5 41. Re1 Kd5 0-1

[Event "CHN-chT (Women)"]
[Site "Suzhou"]
[Date "2001.04.02"]
[Round "7"]
[White "Ding, Linlin"]
[Black "Xu, Yuhua"]
[Result "0-1"]
[WhiteElo "2347"]
[BlackElo "2500"]
[PlyCount "66"]
[EventDate "2001.03.02"]
[EventType "team-tourn"]
[EventRounds "10"]
[EventCountry "CHN"]
[SourceTitle "EXT 2002"]
[Source "ChessBase"]
[SourceDate "2001.11.25"]
[SourceVersion "1"]
[SourceVersionDate "2001.11.25"]
[SourceQuality "1"]

1. e4 c5 2. Nf3 d6 3. d4 cxd4 4. Nxd4 Nf6 5. Nc3 a6 6. Be2 e5 7. Nb3 Be7 8. 0-0 0-0 9. Kh1 b6 10. f4 Bb7 11. Bf3 Nbd7 12. Qe1 Rc8 13. Qg3 Kh8 14. fxe5 dxe5 15. Be3 Bb4 16. Bd2 Bxc3 17. Bxc3 Bxe4 18. Nd2 Bxf3 19. Qxf3 Qc7 20. Rae1 Qd6 21. Qe2 b5 22. Nf3 e4 23. Ng5 Rce8 24. Qe3 h6 25. Qh3 Kg8 26. Rd1 Qc6 27. Qg3 hxg5 28. Qxg5 Re6 29. Rf4 Ne8 30. Rh4 f5 31. Qg3 Rd6 32. Rf1 Rh6 33. Rhf4 Qe6 0-1

[Event "CHN-chT (Women)"]
[Site "Suzhou"]
[Date "2001.03.26"]
[Round "1"]
[White "Liu, Pei"]
[Black "Ding, Linlin"]
[Result "1/2-1/2"]
[WhiteElo "2378"]
[BlackElo "2347"]
[PlyCount "86"]
[EventDate "2001.03.02"]
[EventType "team-tourn"]
[EventRounds "10"]
[EventCountry "CHN"]
[SourceTitle "EXT 2002"]
[Source "ChessBase"]
[SourceDate "2001.11.25"]
[SourceVersion "1"]
[SourceVersionDate "2001.11.25"]
[SourceQuality "1"]

1. d4 Nf6 2. c4 g6 3. Nc3 Bg7 4. e4 d6 5. f3 0-0 6. Be3 c5 7. d5 e6 8. Qd2 exd5 9. exd5 Re8 10. 0-0-0 a6 11. h4 b5 12. g4 bxc4 13. Nh3 Nbd7 14. Bxc4 Rb8 15. h5 Rb4 16. hxg6 Rxc4 17. gxf7+ Kxf7 18. Ng5+ Kg8 19. Ne6 Rxe6 20. dxe6 Nf8 21. Bh6 Rd4 22. Qh2 Bxe6 23. Bxg7 Kxg7 24. Qh6+ Kh8 25. Rde1 Bf7 26. Qg5 Bg6 27. f4 d5 28. Rh4 Be4 29. Rh6 Ng6 30. f5 Ne5 31. Re3 Nd3+ 32. Kd2 Nf4+ 33. Kc1 Nd3+ 34. Rxd3 Bxd3 35. Rxf6 Rxg4 36. Qh6 Rg8 37. Kd1 Qb8 38. b3 Qe5 39. Rf8 Qxc3 40. Rxg8+ Kxg8 41. Qe6+ Kg7 42. Qe7+ Kh6 43. Qh4+ Kg7 1/2-1/2